Traffic Impact Study New Benazir Bhutto International Airport Islamabad (Record no. 551280)
[ view plain ]
| 000 -LEADER | |
|---|---|
| fixed length control field | 00342nam a22001217a 4500 |
| 082 ## - DEWEY DECIMAL CLASSIFICATION NUMBER | |
| Classification number | P-510 |
| 100 ## - MAIN ENTRY--PERSONAL NAME | |
| Personal name | AHMED HASSAN (SYN LDR) |
| 9 (RLIN) | 48291 |
| 245 ## - TITLE STATEMENT | |
| Title | Traffic Impact Study New Benazir Bhutto International Airport Islamabad |
| 526 ## - STUDY PROGRAM INFORMATION NOTE | |
| Program name | 0 |
| Interest level | 0 |
| Reading level | 0 |
| Title point value | P_510 |
| 650 ## - SUBJECT ADDED ENTRY--TOPICAL TERM | |
| Topical term or geographic name entry element | Project |
| 700 ## - ADDED ENTRY--PERSONAL NAME | |
| Personal name | Dr Muhammad Bilal Khurshid |
| 9 (RLIN) | 16538 |
| 942 ## - ADDED ENTRY ELEMENTS (KOHA) | |
| Source of classification or shelving scheme | |
| Koha item type | Book |
| Withdrawn status | Lost status | Source of classification or shelving scheme | Damaged status | Not for loan | Permanent Location | Current Location | Date acquired | Total Checkouts | Full call number | Barcode | Date last seen | Price effective from | Koha item type | Public note |
|---|---|---|---|---|---|---|---|---|---|---|---|---|---|---|
| Military College of Engineering (MCE) | Military College of Engineering (MCE) | 12/05/2014 | P-510 | MCE-P-510 | 12/05/2014 | 12/05/2014 | Book | Project |
